Score 0/10 Timer 01:30
0 Plays Today
Movie Title Missing Word % Correct
Austin Powers: The Spy Who _____ MeShagged
86.1%
Austin Powers: _____ Man of MysteryInternational
77.8%
My _____ MartianFavorite
72.2%
______ WhammyDouble
50%
Ed_____tv
44.4%
Passenger _____57
41.7%
The _____ WinterLong
38.9%
_____ SaraServing
30.6%
Permanent _____Midnight
13.9%
Bad _____Boy
13.9%
Remove Ads.
Support Sporcle.
Get the best of Sporcle when you Go Orange. This ad-free experience offers more features, more stats, and more fun while also helping to support Sporcle. Thank you for becoming a member.

You're not logged in!

Compare scores with friends on all Sporcle quizzes.
OR
Log In

Show Comments

Extras

Top Quizzes Today


Score Distribution

Your Account Isn't Verified!

In order to create a playlist on Sporcle, you need to verify the email address you used during registration. Go to your Sporcle Settings to finish the process.

Report this User

Report this user for behavior that violates our Community Guidelines.

Details: